000 00586nam a2200229Ia 4500
003 OSt
005 20220918174258.0
006 a|||||r|||| 00| 0
007 ta
008 220917b |||||||| |||| 00| 0 eng d
024 _a11,382
037 _cTextual
040 _aARTS
_cARTS
_beng
041 _2eng
_aeng
082 _a/\:87v5:N1, J8 (Y1D)
100 _aSummers Montague
_949805
245 0 _aGeography of Witchcraft
260 _c1958
650 _aSPIRITUALISM
942 _h/\:87v5:N1, J8 (Y1D)
_cTEXL
_2CC
999 _c152493
_d152493